Madame (Zola) - Statistiques

Statistiques générales
  • Ce quiz a été pris 160 fois
  • Le résultat moyen est 214 sur 467
Statistiques - réponses
Réponse % Correct
La
91%
la
91%
l'a
91%
91%
ma
90%
Ma
90%
de
89%
Je
89%
je
89%
a
88%
à
88%
sa
84%
mon
82%
dans
81%
pas
81%
ça
80%
madame
79%
on
77%
On
77%
santé
75%
un
75%
vie
75%
ce
74%
en
74%
s'achète
74%
que
73%
mettre
72%
dire
71%
le
70%
jamais
68%
j'peux
68%
poumons
68%
raccroche
67%
ta
67%
truc
67%
ces
66%
sait
66%
les
65%
Les
65%
au
64%
premier
64%
peut
62%
c'est
61%
C'est
61%
tu
60%
Tu
60%
Elle
59%
elle
59%
et
59%
caddie
57%
coeur
57%
mais
57%
Mais
57%
pour
57%
qu'à
57%
seins
56%
Faut
55%
faut
55%
gros
54%
p't'être
54%
deux
53%
plus
52%
rien
51%
autres
50%
avec
50%
Avec
50%
fais
50%
font
50%
p'tits
50%
y'a
50%
l'heure
49%
connais
48%
mes
48%
moi
48%
fait
47%
par
46%
mort
44%
Ouais
44%
ouais
44%
voiture
44%
sur
43%
200
42%
chambre
42%
qui
42%
il
41%
J'suis
41%
j'suis
41%
nous
41%
part
41%
bigo
40%
donc
40%
maintenant
40%
payé
40%
toi
40%
du
39%
entre
39%
jusqu'à
39%
j'vis
39%
pourtant
39%
reste
39%
son
39%
sous
39%
sauf
38%
big up
37%
ensemble
37%
j'avais
37%
j'te
37%
makeup
37%
quand
37%
Quand
37%
une
37%
vêtements
37%
recompte
36%
C'était
35%
c'était
35%
liasse
35%
repasse
35%
avait
34%
bédave
34%
modère
34%
ne
34%
même
33%
Meuda
33%
qu'j'avance
33%
toujours
33%
bague
32%
conduit
32%
d'ambigu
32%
j'ai
32%
genre
31%
grand
31%
grosse
31%
si
31%
billets
30%
J'me
30%
prison
30%
ensembles
29%
vois
29%
100
28%
fois
28%
sors
28%
trop
28%
cette
27%
m'racontais
27%
sous-sol
26%
phone
25%
des
24%
l'faire
24%
virement
24%
4h20
23%
Bébé
23%
j'lui
23%
mettrais
23%
potes
23%
serait
23%
eh
22%
impossible
22%
t'as
22%
t'en
22%
voir
22%
j'pourrais
21%
m'maudir
21%
n'pense
20%
prétexter
20%
bug
19%
cinq
19%
fanbase
19%
après
18%
m'envoie
18%
mère
18%
petite
18%
posté
18%
wow
18%
zéros
18%
j'en
17%
vitre
17%
j'pense
16%
J'pense
16%
j't'enceinte
16%
personne
16%
J'fume
15%
label
15%
Ok
15%
problèmes
15%
t'avortes
15%
ai
14%
attention
14%
baisse
14%
derrière
14%
j'tai
14%
j't'ai
14%
lâcherais
14%
m'accoster
14%
mal
14%
oh
14%
Oh
14%
qu'mon
14%
house
13%
parce
13%
riposter
13%
xénons
13%
avenir
12%
qu'tu
12%
sans
12%
veut
12%
l'éblouissent
11%
Parfois
11%
raclis
11%
1000
10%
as
10%
l'avoues
10%
stable
10%
suis
10%
loves
9%
mise
9%
mixer
9%
parle
9%
plaise
9%
toit
9%
tout
9%
ue-r
9%
fierté
8%
mens
8%
moulalala
8%
route
8%
m'abordent
7%
n'est
7%
plan
7%
s'amuse
7%
vraiment
7%
d'la
6%
d'un
6%
j'dis
6%
j'le
6%
j'trace
6%
qu'j'te
6%
rappelle
6%
risque
6%
comme
5%
c'que
5%
double
5%
joue
5%
l'contraire
5%
liasses
5%
qu't'es
5%
sûre
5%
voudrait
5%
j't'aime
4%
l'ai
4%
m'dis
4%
accro
3%
coté
3%
famille
3%
Olalala
3%
barbeucs'
1%
Aucun quiz correspondant
Distribution des résultats
% des personnes avec chaque résultat
Percentile par nombre de réponses
Votre historique - résultats
Vous n’avez pas pris ce quiz